|
|
|
|
| LEADER |
00000cam a2200000 7i4500 |
| 001 |
0000021562 |
| 005 |
20080612.0 |
| 008 |
071205 |
| 020 |
|
|
|a 9789834354008
|
| 040 |
|
|
|a INS
|
| 090 |
0 |
0 |
|a DS592.2
|b U58 2007
|
| 245 |
1 |
0 |
|a Untukmu Malaysia sempena 50 tahun merdeka :
|b menjejaki warisan kita
|c penyusun Mohd Bakri Jaffar
|
| 260 |
|
|
|a Shah Alam, Selangor :
|b Azmy Haji Morsidi ,
|c 2007
|
| 300 |
|
|
|a 1xxi, 567ms. :
|b il.wrn.peta ;
|c 30cm.
|
| 500 |
|
|
|a Mengandungi indeks
|
| 650 |
0 |
0 |
|a Historic building
|z Malaysia
|x Pictorial works
|
| 650 |
0 |
0 |
|a Monuments
|z Malaysia
|x Pictorial works
|
| 700 |
0 |
|
|a Mohd Bakri Jaffar
|
| 999 |
|
|
|a 0000020005
|b BOOK
|c Open Shelf
|e Default branch
|
| 999 |
|
|
|a 0000020412
|b BOOK
|c Open Shelf
|e Default branch
|
| 999 |
|
|
|a 0000021638
|b BOOK
|c Open Shelf
|e Default branch
|